000
00311nam a2200121Ia 4500
008
190216s9999||||xx |||||||||||||| ||und||
100
_a
Arthur Conan Doyle
245
4
_a
The Hound Of The Baskervilles
260
_b
"University Book Publishers, Calicut"
_c
1996
300
_a
162p
650
_a
Novel
942
_c
BK
999
_c
14187
_d
14187